<?xml version="1.0" encoding="UTF-8"?>
<record
    xmlns:xsi="http://www.w3.org/2001/XMLSchema-instance"
    xsi:schemaLocation="http://www.loc.gov/MARC21/slim http://www.loc.gov/standards/marcxml/schema/MARC21slim.xsd"
    xmlns="http://www.loc.gov/MARC21/slim">

  <leader>03570nam a2200457 a 4500</leader>
  <controlfield tag="003">CHAP</controlfield>
  <controlfield tag="005">20241129133530.0</controlfield>
  <controlfield tag="007">cr ||||||a|c|a</controlfield>
  <controlfield tag="008">110118s2010    mx      r     00010 spa d</controlfield>
  <datafield tag="035" ind1=" " ind2=" ">
    <subfield code="a">111934</subfield>
  </datafield>
  <datafield tag="040" ind1=" " ind2=" ">
    <subfield code="c">CHAP</subfield>
  </datafield>
  <datafield tag="090" ind1=" " ind2=" ">
    <subfield code="a">Tesis</subfield>
  </datafield>
  <datafield tag="100" ind1="1" ind2=" ">
    <subfield code="a">Licea Morales, Pablo Jes&#xFA;s.</subfield>
    <subfield code="9">66702</subfield>
  </datafield>
  <datafield tag="245" ind1="1" ind2="0">
    <subfield code="a">Evaluaci&#xF3;n de la producci&#xF3;n de cebada bajo siembra directa en un vertisol del Estado de Guanajuato</subfield>
    <subfield code="c">/por Pablo Jes&#xFA;s Licea Morales; director de tesis Aurelio B&#xE1;ez P&#xE9;rez.</subfield>
  </datafield>
  <datafield tag="264" ind1=" " ind2="1">
    <subfield code="a">Chapingo, M&#xE9;x. :</subfield>
    <subfield code="b">El autor,</subfield>
    <subfield code="c">2010.</subfield>
  </datafield>
  <datafield tag="300" ind1=" " ind2=" ">
    <subfield code="a">1 recurso en l&#xED;nea (76 p&#xE1;ginas):</subfield>
    <subfield code="b">cuadros, figuras.</subfield>
  </datafield>
  <datafield tag="336" ind1=" " ind2=" ">
    <subfield code="2">rdacontent</subfield>
    <subfield code="a">texto</subfield>
    <subfield code="b">txt</subfield>
  </datafield>
  <datafield tag="337" ind1=" " ind2=" ">
    <subfield code="2">rdamedia</subfield>
    <subfield code="a">computadora</subfield>
    <subfield code="b">c</subfield>
  </datafield>
  <datafield tag="338" ind1=" " ind2=" ">
    <subfield code="2">rdacarrier</subfield>
    <subfield code="a">recursos en l&#xED;nea</subfield>
    <subfield code="b">cr</subfield>
  </datafield>
  <datafield tag="502" ind1=" " ind2=" ">
    <subfield code="b">IAEF</subfield>
    <subfield code="c">Fitotecnia</subfield>
    <subfield code="d">2010.</subfield>
    <subfield code="g">LIC</subfield>
  </datafield>
  <datafield tag="520" ind1=" " ind2=" ">
    <subfield code="a">En la actualidad la rentabilidad en la producci&#xF3;n de granos en El Baj&#xED;o ha sido impactada por el alza de precio de los fertilizantes qu&#xED;micos y otros insumos agr&#xED;colas, por el deterioro del suelo y por el abatimiento de los mantos fre&#xE1;ticos. Debido a lo anterior es necesario implementar pr&#xE1;cticas agron&#xF3;micas que conduzcan a revertir la problem&#xE1;tica entes mencionada. Con este prop&#xF3;sito se estableci&#xF3; un experimento en el Campo Experimental Baj&#xED;o, en Celaya, Guanajuato, para evaluar la producci&#xF3;n de cebada (Hordeum vulgare L.) bajo diversas de pr&#xE1;cticas agron&#xF3;micas con base en la siembra directa (SD). Previo al experimento, se estableci&#xF3; en primavera-verano de 2002 un cultivar de ma&#xED;z (Zea mays L.) el fin de producir los residuos de cosecha necesarios para la implementaci&#xF3;n de la SD. Durante el ciclo oto&#xF1;o-invierno se evalu&#xF3; la producci&#xF3;n de cebada variedad. Esperanza, bajo dos sistemas de cultivo: labranza convencional (LC) y SD; tres dosis de fertilizaci&#xF3;n nitrogenada (urea): 90-60-00, 180-60-00 y 270-60-00; y tres sistemas de riego: aspersi&#xF3;n, superficial con flujo intermitente y superficial con flujo continuo. Se emple&#xF3; un dise&#xF1;o experimental factorial 2x3x3 con 18 tratamientos. Se establecieron de cuatro a ocho repeticiones, con un arreglo en bloques al azar. Se monitore&#xF3; la humedad volum&#xE9;trica (HV) en el suelo y la temperatura de 0-30 cm. La producci&#xF3;n de grano de cebada fue cerca de 20% mayor en SD respecto a LC. Hubo efectos significativos (p&lt;0.05) por los factores: tipo de siembra y dosis de fertilizaci&#xF3;n, no as&#xED; por el tipo de riego. Prevaleci&#xF3; una fuerte interacci&#xF3;n (p&lt;0.05) entre el tipo de siembra y la dosis de fertilizaci&#xF3;n. En SD la HV, antes de aplicar cada riego, fue 5% mayor que en LC (p&lt;0.05), lo que permiti&#xF3; un mejor aprovechamiento del fertilizante por el cultivo, que tuvo una mayor producci&#xF3;n de grano en SD.</subfield>
  </datafield>
  <datafield tag="590" ind1=" " ind2=" ">
    <subfield code="a">ALEPH</subfield>
    <subfield code="b">10</subfield>
    <subfield code="c">20130110</subfield>
  </datafield>
  <datafield tag="590" ind1=" " ind2=" ">
    <subfield code="a">BATCH-UPD</subfield>
    <subfield code="b">10</subfield>
    <subfield code="c">20130110</subfield>
  </datafield>
  <datafield tag="590" ind1=" " ind2=" ">
    <subfield code="a">BATCH-UPD</subfield>
    <subfield code="b">10</subfield>
    <subfield code="c">20130410</subfield>
  </datafield>
  <datafield tag="590" ind1=" " ind2=" ">
    <subfield code="a">BATCH-UPD</subfield>
    <subfield code="b">10</subfield>
    <subfield code="c">20130914</subfield>
  </datafield>
  <datafield tag="590" ind1=" " ind2=" ">
    <subfield code="a">BATCH-UPD</subfield>
    <subfield code="b">10</subfield>
    <subfield code="c">20140324</subfield>
  </datafield>
  <datafield tag="590" ind1=" " ind2=" ">
    <subfield code="a">BATCH-UPD</subfield>
    <subfield code="b">10</subfield>
    <subfield code="c">20141002</subfield>
  </datafield>
  <datafield tag="590" ind1=" " ind2=" ">
    <subfield code="a">CONVERSION</subfield>
    <subfield code="b">10</subfield>
    <subfield code="c">20130109</subfield>
  </datafield>
  <datafield tag="650" ind1="1" ind2="4">
    <subfield code="a">Cebada</subfield>
    <subfield code="x">Guanajuato.</subfield>
    <subfield code="9">20684</subfield>
  </datafield>
  <datafield tag="650" ind1="1" ind2="4">
    <subfield code="a">Cebada</subfield>
    <subfield code="x">Rendimiento.</subfield>
    <subfield code="9">20707</subfield>
  </datafield>
  <datafield tag="650" ind1="1" ind2="4">
    <subfield code="a">Siembra directa.</subfield>
    <subfield code="9">105840</subfield>
  </datafield>
  <datafield tag="650" ind1="1" ind2="4">
    <subfield code="a">Vertisoles.</subfield>
    <subfield code="9">118971</subfield>
  </datafield>
  <datafield tag="700" ind1="1" ind2=" ">
    <subfield code="a">B&#xE1;ez P&#xE9;rez, Aurelio</subfield>
    <subfield code="9">189466</subfield>
    <subfield code="e">Director de tesis.</subfield>
  </datafield>
  <datafield tag="856" ind1=" " ind2=" ">
    <subfield code="u">http://10.13.5.2/tesis/111934.pdf</subfield>
    <subfield code="z">DESCARGAR PDF</subfield>
  </datafield>
  <datafield tag="901" ind1=" " ind2=" ">
    <subfield code="a">BK</subfield>
  </datafield>
  <datafield tag="942" ind1=" " ind2=" ">
    <subfield code="c">TD</subfield>
    <subfield code="2">Clasificaci&#xF3;n Universidad Aut&#xF3;noma Chapingo </subfield>
  </datafield>
  <datafield tag="949" ind1=" " ind2=" ">
    <subfield code="a">Tesis</subfield>
    <subfield code="b">BC</subfield>
    <subfield code="c">TES</subfield>
    <subfield code="d">33724002227248</subfield>
    <subfield code="e">TS1</subfield>
    <subfield code="g">Donaci&#xD8;n</subfield>
    <subfield code="h">51758</subfield>
    <subfield code="i">111934</subfield>
    <subfield code="s">b</subfield>
  </datafield>
  <datafield tag="949" ind1=" " ind2=" ">
    <subfield code="a">Tesis</subfield>
    <subfield code="b">BC</subfield>
    <subfield code="c">TES</subfield>
    <subfield code="d">33724002228777</subfield>
    <subfield code="e">TS2</subfield>
    <subfield code="f">c.2</subfield>
    <subfield code="g">Donaci&#xD8;n</subfield>
    <subfield code="h">51759</subfield>
    <subfield code="i">111934</subfield>
    <subfield code="s">b</subfield>
  </datafield>
  <datafield tag="999" ind1=" " ind2=" ">
    <subfield code="c">100275</subfield>
    <subfield code="d">100275</subfield>
  </datafield>
  <datafield tag="952" ind1=" " ind2=" ">
    <subfield code="0">0</subfield>
    <subfield code="1">0</subfield>
    <subfield code="2">local</subfield>
    <subfield code="4">0</subfield>
    <subfield code="5">1</subfield>
    <subfield code="7">0</subfield>
    <subfield code="8">TesDigL</subfield>
    <subfield code="a">BD</subfield>
    <subfield code="b">BD</subfield>
    <subfield code="c">E_L</subfield>
    <subfield code="d">2019-12-31</subfield>
    <subfield code="l">0</subfield>
    <subfield code="o">Tesis digital</subfield>
    <subfield code="r">2019-12-31 00:00:00</subfield>
    <subfield code="w">2019-12-31</subfield>
    <subfield code="y">TD</subfield>
  </datafield>
</record>
